000 00431nam a2200169Ia 4500
003 OSt
005 20241126110331.0
008 160527b xxu||||| |||| 00| 0 eng d
040 _cgbc
082 _a220.078
_bDAN
100 _a"Danker, F.N"
245 _aMultipurpose Tools for Bible Study
260 _bCONCORDIA PUBLISHING HOUSE,
_aSaint Louis:
_c1960
300 _a289p.
653 _aBiblical Studies
942 _e1ST ED
_2ddc
_cBK
999 _c159
_d159